Normal view
MARC view
- Stehle, Philip
Entry Personal Name
001 - CONTROL NUMBER
- control field: 103753
003 - CONTROL NUMBER IDENTIFIER
- control field: NUST
005 - DATE AND TIME OF LATEST TRANSACTION
- control field: 20221129094203.0
008 - FIXED-LENGTH DATA ELEMENTS
- fixed length control field: 221129|| aca||aabn | a|a d
040 ## - CATALOGING SOURCE
- Original cataloging agency: NUST
- Transcribing agency: NUST
100 ## - HEADING--PERSONAL NAME
- Personal name: Stehle, Philip
670 ## - SOURCE DATA FOUND
- Source citation: Work cat.: (NUST)180326: Stehle, Philip., Physics: The behavior of particles / , [1971]
